Practical digital electronics (Record no. 7930)
[ view plain ]
| 000 -LEADER | |
|---|---|
| fixed length control field | 00449 a2200145 4500 |
| 020 ## - INTERNATIONAL STANDARD BOOK NUMBER | |
| International Standard Book Number | 0131110608 |
| 040 ## - CATALOGING SOURCE | |
| Original cataloging agency | DLC |
| Language of cataloging | DLC |
| 082 00 - DEWEY DECIMAL CLASSIFICATION NUMBER | |
| Classification number | 621.381 |
| 100 1# - MAIN ENTRY--PERSONAL NAME | |
| Personal name | Cook, Nigel P., |
| 245 10 - TITLE STATEMENT | |
| Title | Practical digital electronics |
| Statement of responsibility, etc. | Nigel P. Cook. |
| 260 ## - PUBLICATION, DISTRIBUTION, ETC. | |
| Place of publication, distribution, etc. | Upper Saddle River, NJ : |
| Name of publisher, distributor, etc. | Pearson Prentice Hall, |
| Date of publication, distribution, etc. | 2004. |
| 300 ## - PHYSICAL DESCRIPTION | |
| Extent | xiv, 434 p. : |
| Other physical details | ill. (some col.) ; |
| Dimensions | 29 cm. |
| Accompanying material | +1 CD-ROM (4 3/4 in.) |
| 650 #0 - SUBJECT ADDED ENTRY--TOPICAL TERM | |
| Topical term or geographic name entry element | Digital electronics |
| 942 ## - ADDED ENTRY ELEMENTS (KOHA) | |
| Koha item type | Book |
| Call number prefix | 621.381 COD |
| Source of classification or shelving scheme | |
| Withdrawn status | Lost status | Damaged status | Not for loan | Collection code | Permanent Location | Current Location | Shelving location | Date acquired | Source of acquisition | Cost, normal purchase price | Total Checkouts | Full call number | Barcode | Date last seen | Price effective from | Koha item type |
|---|---|---|---|---|---|---|---|---|---|---|---|---|---|---|---|---|
| Central Library (CL) | Central Library (CL) | General Stacks | 05/02/2005 | Allied Book Company | 5810.52 | 621.381 COD | SEECS005596 | 11/14/2012 | 01/05/2017 | Book |
